Histoires naturelles (Record no. 27712)

MARC details
000 -CABECERA
campo de control de longitud fija 00740cam a2200241 a 4500
003 - IDENTIFICADOR DEL NÚMERO DE CONTROL
campo de control MX-MxUPN
005 - FECHA Y HORA DE LA ÚLTIMA TRANSACCIÓN
campo de control 20260306101916.0
008 - ELEMENTOS DE LONGITUD FIJA--INFORMACIÓN GENERAL
campo de control de longitud fija 991125s1967 fra fr 000 1 fre |
035 ## - NÚMERO DE CONTROL DEL SISTEMA
Número de control de sistema UPN01000027712
040 ## - FUENTE DE LA CATALOGACIÓN
Centro catalogador/agencia de origen MX-MxUPN
Lengua de catalogación spa
041 0# - CÓDIGO DE IDIOMA
Código de lengua del texto/banda sonora o título independiente fre
050 #4 - SIGNATURA TOPOGRÁFICA DE LA BIBLIOTECA DEL CONGRESO
Número de clasificación PQ2635 E8
Número de documento/Ítem R4.5
100 1# - ASIENTO PRINCIPAL--NOMBRE PERSONAL
Nombre de persona Renard, Jules,
Fechas asociadas al nombre 1813-1877
9 (RLIN) 58947
245 10 - MENCIÓN DE TÍTULO
Título Histoires naturelles
260 ## - PUBLICACIÓN, DISTRIBUCIÓN, ETC.
Lugar de publicación, distribución, etc. París :
Nombre del editor, distribuidor, etc. Garnier-Flammarion,
Fecha de publicación, distribución, etc. ©1967.
300 ## - DESCRIPCIÓN FÍSICA
Extensión 190 páginas
490 ## - MENCIÓN DE SERIE
Mención de serie Collection Garnier-Flammarion Brochée
Designación de volumen o secuencia 150
650 #0 - ASIENTO SECUNDARIO DE MATERIA - TERMINO TEMATICO
Término de materia o nombre geográfico como elemento de entrada Animales
Subdivisión de forma Cuentos y leyendas
9 (RLIN) 234
650 #0 - ASIENTO SECUNDARIO DE MATERIA - TERMINO TEMATICO
Término de materia o nombre geográfico como elemento de entrada Literatura francesa
Subdivisión cronológica Siglo XIX
9 (RLIN) 12797
700 ## - ASIENTO SECUNDARIO--NOMBRE DE PERSONAL
Nombre de persona Guichard, Léon
9 (RLIN) 58948
Término indicativo de función/relación introducción
-- cronología
902 ## - ELEMENTOS DE DATOS B LOCAL, LDB (RLIN)
Modificó VíctorGodínez/060326
942 ## - ELEMENTOS DE PUNTO DE ACCESO ADICIONAL (KOHA)
Fuente del sistema de clasificación o colocación Library of Congress Classification
Tipo de ítem Koha Libro
Holdings
Estado de retiro Estado de pérdida Fuente del sistema de clasificación o colocación Estado dañado No para préstamo Código de colección Localización permanente Ubicación/localización actual Ubicación en estantería Enumeración/cronología de publicación seriada Total de préstamos Clasificación Código de barras Fecha visto por última vez Número de copia Tipo de ítem Koha Fecha de adquisición Precio válido a partir de
    Library of Congress Classification     Colección General Bib. Gregorio Torres Quintero Bib. Gregorio Torres Quintero Planta baja -   PQ2635 E8 R4.5 51565 31/12/2020 1 Libro    
    Library of Congress Classification     Colección General Bib. Gregorio Torres Quintero Bib. Gregorio Torres Quintero Planta baja     PQ2635 E8 R4.5 51561 06/03/2026 Ej.2 Libro 06/03/2026 06/03/2026